Vint mesos de govern provincial / R. Noguer i Comet ; pròleg del Excm. Sr. Marcel·lí Domingo...
Descripción Física:
286 p. ; 21 cm
Otros Autores:
Domingo, Marcelino
MARC
| LEADER | 00000nam a2200000Ia 4500 | ||
|---|---|---|---|
| 001 | 10891 | ||
| 008 | 160829s9999 xx 000 0 cat d | ||
| 080 | |a M-2-308 | ||
| 100 | |a Noguer Comet, Ramon |9 30755 | ||
| 245 | |a Vint mesos de govern provincial / R. Noguer i Comet ; pròleg del Excm. Sr. Marcel·lí Domingo... | ||
| 260 | |a Barcelona : |b Tip. Cosmos, [1933] | ||
| 300 | |a 286 p. ; |c 21 cm | ||
| 590 | |a Amb dedicatòria autògrafa de l'autor. | ||
| 590 | |a Donatiu de la Biblioteca Popular de Granollers.- Edició costejada per subscripció pública, en homenatge a l'autor | ||
| 650 | |a Administració local |x Tarragona |x 1931/1932 |9 30756 | ||
| 700 | 1 | |a Domingo, Marcelino |9 30757 | |
| 901 | |a Arxiu | ||
| 942 | |n 1 | ||
| 952 | |0 0 |1 0 |4 0 |6 M2308 |7 1 |9 45512 |a Arxiu |b Arxiu |d 2016-12-01 |l 0 |o M-2-308 |p 10891 |r 2016-12-01 00:00:00 |w 2016-12-01 |y ARXIU | ||
| 999 | |c 48677 |d 48677 | ||